Rapport sur l'étude chimique des eaux azotées d'Espagne (Record no. 164258)

MARC details
000 -LEADER
campo de control de longitud fija 01265nam a2200193 i 4500
001 - NÚMERO DE CONTROL
campo de control 164258
003 - IDENTIFICADOR DE NÚMERO DE CONTROL
campo de control ES-MaACL
005 - FECHA Y HORA DE LA ÚLTIMA TRANSACCIÓN
campo de control 20250806050953.0
008 - DATOS DE LONGITUD FIJA--INFORMACIÓN GENERAL
campo de control de longitud fija 931025s1886 fr |||| | fre d
100 1# - ENTRADA PRINCIPAL--NOMBRE DE PERSONA
Nombre de persona Sáenz Díez, Gustavo.
9 (RLIN) 132269
245 10 - MENCIÓN DEL TÍTULO
Título Rapport sur l'étude chimique des eaux azotées d'Espagne
Resto del título : Congrés International d'hydrologia et de climatologie de Biarritz (1886) /
Mención de responsabilidad, etc. par Gustave Saenz Diez.
260 ## - PUBLICACIÓN, DISTRIBUCIÓN, ETC.
Lugar de publicación, distribución, etc. Bayonne :
Nombre del editor, distribuidor, etc. [s.n.],
Fecha de publicación, distribución, etc. 1886 (
Fabricante L. Laserre)
300 ## - DESCRIPCIÓN FÍSICA
Extensión 17, 8 p., [1] h. pleg. ;
Dimensiones 21 cm.
650 #7 - PUNTO DE ACCESO ADICIONAL DE MATERIA--TÉRMINO DE MATERIA
Término de materia o nombre geográfico como elemento de entrada Aguas minerales
Fuente del encabezamiento o término embne
9 (RLIN) 135517
711 2# - ENTRADA AGREGADA--NOMBRE DE REUNIÓN
Nombre de congreso/reunión o jurisdicción como elemento de entrada Congrès International d'Hydrologie et de Climatologie (
Fecha del congreso o de la firma del tratado 1886.
Sede del congreso/Lugar de la reunión Biarrtiz)
9 (RLIN) 152987
852 ## - LOCALIZACIÓN
Ubicación ES-MaACL
Número de control de estantería T-684-F-4
Nota libre -- Enc. hol. conservando la cub. original
condición física -- Sólo las 17 p.
Nota libre -- Enc. en un vol. facticio
Encuadernación -- Edic.: Las 8 p., [1] h. pleg. corresponden a la Tableaux-Appendices con port. propia -- En port. consta: L. Laserre imprimeur-libraire
852 ## - LOCALIZACIÓN
Ubicación ES-MaACL
Número de control de estantería T-470-F-17 y 21
Nota libre -- Enc. hol.
condición física -- Encuadernadas separadas las secuencias de 17 y 8 p.
Nota libre -- Enc. en un vol. facticio
Encuadernación -- Edic.: Edic.: Las 8 p., [1] h. pleg. corresponden a la Tableaux-Appendices con port. propia -- En port. consta: L. Laserre imprimeur-libraire
Holdings
Estatus retirado Estado de pérdida Estado de daño No para préstamo Colección Biblioteca de origen Biblioteca actual Ubicación en estantería Fecha de adquisición Total de préstamos Signatura topográfica completa Código de barras Visto por última vez Precio de reemplazo Tipo de ítem Koha
        Colección de folletos Biblioteca del Ateneo de Madrid Biblioteca del Ateneo de Madrid Depósito folletos 17/01/2008   T-470-F-17 y 21 1172162 23/02/2023 23/02/2023 Folleto
        Colección de folletos Biblioteca del Ateneo de Madrid Biblioteca del Ateneo de Madrid Depósito folletos 17/01/2008   T-684-F-4 1172161 23/02/2023 23/02/2023 Folleto